01206nam a22003137a 45000010005000000030006000050050017000110080041000280200018000690400029000870500018001160820011001341000019001452450037001642600042002013000049002434900058002925050008003505200115003585210029004735210020005026500052005226500034005746500046006086500058006549420015007129990015007279520150007427742FISKH20250801154319.0250801b cb ||||| |||| 00| 0 eng d a9780516422770 aFISKHbengcFISKHdFISKH aND237.H75 V46 a759.13 aVenezia, Mike aEdward Hopper /cBy Mike Venezia aChicago : bChildrens Press , c1990. a32 pages : bcolor illustrations ;c24 cm .  aGetting to Know the World's Greatest Artists (Hopper) aR  aBriefly examines the life and work of the American realist painter, describing and giving examples of his art.8 a780 bLexile estimate 8 aR bRaz-Plus  aHopper, Edward, 1882-1967vJuvenile Literature  aArtistsvJuvenile Literature  aPainting, American vJuvenile Literature  aPainting, Modern- United StatesvJuvenile Literature  2ddccBKn0 c7742d7742 00102ddc40708NFICa002b002cTTP Oranged2025-08-01l1oVEN 759.13 ND237.H75 V46pFISBK05534r2026-02-04 10:40:03s2026-01-21w2025-08-01yBK